Normal view
MARC view
Entry Personal Name
001 - CONTROL NUMBER
- control field: 3313
003 - CONTROL NUMBER IDENTIFIER
- control field: OSt
005 - DATE AND TIME OF LATEST TRANSACTION
- control field: 20220928133242.0
008 - FIXED-LENGTH DATA ELEMENTS
- fixed length control field: 220928|| aca||aabn | a|a d
040 ## - CATALOGING SOURCE
- Original cataloging agency: OSt
- Transcribing agency: OSt
100 ## - HEADING--PERSONAL NAME
- Personal name: Hlatká, Jana
- Titles and other words associated with a name: (prekladateľka)
670 ## - SOURCE DATA FOUND
- Source citation: Work cat.: (OSt)0: White, Roseanna M., 1982- aut 3311, Pieseň bez nôt